000 00466nam a2200193Ia 4500
005 20220714134214.0
008 131103s9999 xx 000 0 und d
040 _aLoreto College
041 _aEnglish
082 _a801
_bTHO
100 _aThompson, Denys
245 _aReading and discrimination
_cDenys Thompson
250 _aRev. ed.
260 _aLondon
_bChatto & Windus
_c1962
300 _a160p.
650 _aPoetry
850 _aLCLIB
942 _cBK
999 _c21372
_d71851